| 000 | 00623nam a2200169Ia 4500 | ||
|---|---|---|---|
| 008 | 090711s9999 xx 000 0 und d | ||
| 082 | _b50362 | ||
| 100 | _aकिर्लोस्कर मालती (संपा.) | ||
| 245 | _aसप्तसरिता | ||
| 260 |
_bकॉन्टिनेन्टल प्रकाशन _c1937 |
||
| 300 | _a128 | ||
| 600 | _aकिर्लोस्कर मालती (संपा.) | ||
| 630 | _aसप्तसरिता | ||
| 700 | _aकिर्लोस्कर मालती (संपा.) | ||
| 730 | _aसप्तसरिता | ||
| 942 | _cBOOK | ||
| 999 |
_c329503 _d329503 |
||